000 01411nam2a22002291 4500
001 rc\597793
005 20250621221752.0
035 _a(NLR Aleph) 005949460
090 _a6751406
_c6751406
100 _a20031121d1986 |||y0rusy50 ca
101 0 _arus
102 _aRU
105 _ay |||||||||
200 1 _aЛитература о библиотеке (1862-1985 гг.)
210 _d1986
_aБ. м.
215 _a323, [1] с.
461 0 _1001rc\597792
_12001#$aГосударственная ордена Ленина библиотека СССР им. В.И. Ленина$eБиблиогр. указ.$eК 125-летию со дня основания б-ки$e[В 2 ч.]$f...Н.-и. отд. библиографоведения и науч.-вспом. библиогр.$g[Составители М.С. Старшинова и др.]$vЧ. 1
_96751399
_aГосударственная библиотека СССР им. В. И. Ленина
_cМ.
_d1986-
_f...Н.-и. отд. библиографоведения и науч.-вспом. библиогр.
_nГБЛ
_oБиблиогр. указ. : К 125-летию со дня основания б-ки : [В 2 ч.]
_tГосударственная ордена Ленина библиотека СССР им. В.И. Ленина
_vЧ. 1
801 0 _aRU
_bNLR
_gpsbo
801 1 _aRU
_bELAR
_2rusmarc
852 _aNLR
_bБ
_j6035/С-775
942 _cBOOK
980 _aNB